Types of Demons - Statistics

General Stats
  • This quiz has been taken 7 times
  • The average score is 6 of 15
Answer Stats
Hint Demons % Correct
There's 7 of them and they are Deadly Sins
100%
Seductive Succubus
86%
Male version of the above Incubus
71%
Genies and Tricksters Djinn
43%
Casted out of Heaven Fallen Angel
43%
Monstrous Beasts/canine Hellhound
43%
Child-like Imp
43%
Horned Ogres with Tiger Pelts Oni
43%
Japanese Yōkai
29%
Powerful, High-Ranking Leaders Archdemon
14%
Shapeshifting Cats Bakeneko
14%
Goats Capras
14%
Fire, Water, Ice, Earth and Wind Elemental
14%
Feeds off of Negative Emotions Infestor
14%
Shapeless beings that manifest fear Shadow Creatures
14%
No matching quizzes found
Score Distribution
Percent of People with Each Score
Percentile by Number Answered
Your Score History
You have not taken this quiz